Πρόβλεψη κατανομής της κεφαλληνιακής ελάτης (Abies cephalonika) στα πλαίσια κλιματικών αλλαγών : πτυχιακή εργασία
Αποθηκεύτηκε σε:
| Κύριος συγγραφέας: | |
|---|---|
| Συγγραφή απο Οργανισμό/Αρχή: | |
| Άλλοι συγγραφείς: | |
| Μορφή: | Thesis Βιβλίο |
| Γλώσσα: | Greek |
| Δημοσίευση: |
2014
|
| Θέματα: | |
| Διαθέσιμο Online: | http://hdl.handle.net/11610/6212 |
| Ετικέτες: |
Προσθήκη ετικέτας
Δεν υπάρχουν, Καταχωρήστε ετικέτα πρώτοι!
|
MARC
| LEADER | 00000cam a2200000 i 4500 | ||
|---|---|---|---|
| 001 | 1/67553 | ||
| 008 | 150220s2014 gre d | ||
| 035 | |l 10121189 | ||
| 040 | |a GR-MY-UA |b gre |e aacr | ||
| 041 | 0 | |a gre | |
| 082 | 0 | |a 585.2 |2 (22) | |
| 100 | 1 | |a Οικονόμου, Αλεξάνδρα-Δήμητρα. | |
| 245 | 1 | 0 | |a Πρόβλεψη κατανομής της κεφαλληνιακής ελάτης (Abies cephalonika) στα πλαίσια κλιματικών αλλαγών : |b πτυχιακή εργασία / |c Οικονόμου Αλεξάνδρα-Δήμητρα ; επιβλέπων: Tscheulin Thomas |
| 260 | |c 2014 | ||
| 300 | |a 84 σ.; |b εικ., πίν.; |c 30 εκ. | ||
| 502 | # | # | |a Πτυχιακή εργασία – Πανεπιστήμιο Αιγαίου, Λέσβος, 2014. |
| 504 | |a Βιβλιογραφία: σ. 84-86 | ||
| 650 | 0 | 0 | |a Conifers |x Ecology. |
| 650 | 0 | 0 | |a Fir. |
| 650 | 0 | 0 | |a Vegetation and climate. |
| 650 | 0 | 0 | |a Pinaceae. |
| 650 | 0 | 0 | |a Dissertations, Academic |z Greece. |
| 700 | 1 | |a Tscheulin, Thomas. |4 ths | |
| 710 | 2 | |a Πανεπιστήμιο Αιγαίου. |b Σχολή Κοινωνικών Επιστημών. |b Τμήμα Γεωγραφίας. | |
| 852 | |a INST |b LESVOS |c DIATR |e 20150220 |h 871 |p 005100055975 |q 005100055975 |t DIE |y 23 | ||
| 852 | |a INST |b LESVOS |c DIATR |e 20150220 |h 872 |p 005100055974 |q 005100055974 |t DIE |y 23 | ||
| 856 | |u http://hdl.handle.net/11610/6212 | ||
| 901 | |a BIBL1-2015-1 | ||
| 909 | |a Λ |b 192856 | ||
| 909 | |a Λ |b 192857 | ||
| 924 | |a ΟΙΚΟΝΟΜΟΥ |b ΑΛΕΞΑΝΔΡΑ |y ΛΕΣΒΟΣ |z 2014-11 | ||
| 970 | |a ΤΖΑΦΕΡΗ |b ΕΥΑΓΓΕΛΙΑ |z 2015/02/20 | ||